000 00786nam a2200241Ia 4500
003 OSt
005 20220923223819.0
006 a|||||r|||| 00| 0
007 ta
008 Pun
024 _a221,640
037 _cTextual
040 _aARTS
_cARTS
_bPun
041 _2Pun
_aPun
082 _aO11195:g(S:524), 153P4
100 _aਭੁੱਲਰ, ਸੁਰਿੰਦਰ ਸਿੰਘ
_9156370
245 0 _aਤ੍ਰਾਸਦੀ
_b ਸਿੱਧਾਂਤ ਤੇ ਪਰੰਪਰਾ
260 _aਦਿੱਲੀ
_b ਆਰਸੀ ਪਬਲੀFਰਗ਼
_c2004
300 _a56ਪੰ
_ccm.
650 _aਪੰਜਾਬੀ ਸਾਹਿਤ
942 _hO11195:g(S:524), 153P4
_cTEXL
_2CC
999 _c367532
_d367532